000
00227nam a2200085Ia 4500
008
170620s9999 xx 000 0 und d
100
_a
TRIPATHI- S.C
245
0
_a
ARBITRATION & CANCILIATION ACT 1996
260
_b
CENTRAL LAW AGENCY ALLAHABAD
260
_c
2015
999
_c
30355
_d
30355